[Event "1.a HSL 19"]
[Site "Mali Losinj"]
[Date "2019.10.06"]
[Round "9.41"]
[White "Tomashevsky, Evgeny"]
[Black "Georgiev, Kiril"]
[Result "1/2-1/2"]
[WhiteElo "2718"]
[BlackElo "2581"]
[PlyCount "79"]
[EventDate "2019.??.??"]
[WhiteTeam "Šk Liburnija Rijeka"]
[BlackTeam "Šk Vukovar '91 Vukovar"]

1. d4 Nf6 2. c4 e6 3. Nf3 d5 4. Nc3 Be7 5. Bf4 O-O 6. a3 c5 7. dxc5 Bxc5 8. e3
Nc6 9. Qc2 Qa5 10. Rd1 Be7 11. Be2 dxc4 12. Bxc4 Bd7 13. O-O Rfd8 14. Qb3 Qc5
15. Be2 Na5 16. Qa2 Nc6 17. Rc1 a6 18. b4 Qa7 19. Qb1 Rac8 20. Ne4 Nd5 21. Bg5
Qb8 22. Bxe7 Ncxe7 23. Nc5 Be8 24. Qb2 Qa7 25. Nd4 Qb6 26. Ndb3 Bb5 27. Rfd1
Bxe2 28. Qxe2 Nc6 29. g3 h6 30. Kg2 Qc7 31. Nd2 Nf6 32. Nce4 Nxe4 33. Nxe4 Rxd1
34. Qxd1 Rd8 35. Qc2 Rd5 36. Nc3 Rd8 37. Ne4 Rd5 38. Nc3 Rd8 39. Na4 Rd5 40.
Nc3 1/2-1/2

[Event "1.a HSL 19"]
[Site "Mali Losinj"]
[Date "2019.10.06"]
[Round "9.44"]
[White "Zovko, Mario"]
[Black "Kuljasevic, Davorin"]
[Result "0-1"]
[WhiteElo "2324"]
[BlackElo "2550"]
[PlyCount "120"]
[EventDate "2019.??.??"]
[WhiteTeam "Šk Vukovar '91 Vukovar"]
[BlackTeam "Šk Liburnija Rijeka"]

1. e4 c5 2. c3 d5 3. exd5 Qxd5 4. d4 Nf6 5. Nf3 e6 6. Na3 Nc6 7. Nb5 Qd8 8.
dxc5 Bxc5 9. Qxd8+ Kxd8 10. Bf4 Ne4 11. Rd1+ Bd7 12. Ng5 Bxf2+ 13. Ke2 Nxg5 14.
Bxg5+ f6 15. Bxf6+ gxf6 16. Kxf2 Ne5 17. Be2 Ke7 18. Nd4 h5 19. h4 Rag8 20.
Rhe1 Rg6 21. g3 Rhg8 22. Rg1 Ng4+ 23. Bxg4 Rxg4 24. Rge1 e5 25. Re3 Rc8 26. Rd2
Rgg8 27. Nc2 Bf5 28. Nd4 Bd7 29. Nc2 Bf5 30. Nd4 Bg6 31. a4 Rgd8 32. Ke1 a5 33.
Nb3 b6 34. Nd4 Kf7 35. Nf3 Rxd2 36. Nxd2 Bc2 37. b3 Ke6 38. Nf3 Kf5 39. c4 Rd8
40. Ke2 Bd1+ 41. Ke1 Bc2 42. Ke2 Kg4 43. Nd2 Bf5 44. Rc3 Kh3 45. Nf1 Bg4+ 46.
Kf2 Rd1 47. Ne3 Rd2+ 48. Ke1 Ra2 49. Nd5 Kg2 50. Re3 Ra1+ 51. Kd2 Kf2 52. Rc3
e4 53. Ne3 Bf3 54. Nf5 Ra2+ 55. Kc1 Re2 56. c5 bxc5 57. Rxc5 e3 58. Nd4 Re1+
59. Kb2 Be4 60. Rxh5 Rd1 0-1